[Event "V Floripa Open 2019"]
[Site "Florianopolis"]
[Date "2019.01.21"]
[Round "1.1"]
[White "Granda Zuniga, Julio E"]
[Black "Weise, William Ferreira"]
[Result "1-0"]
[WhiteElo "2641"]
[BlackElo "1778"]
[PlyCount "48"]
[EventDate "2019.01.21"]
[EventType "swiss"]
[EventRounds "10"]
[EventCountry "BRA"]

1. e4 e6 2. Qe2 d5 3. exd5 Qxd5 4. Nc3 Qd8 5. g3 Nf6 6. Bg2 Be7 7. Nf3 Nd5 8. O-O O-O 9. d4 b6 10. Ne4 Bb7 11. Ne5 Qc8 12. c4 Nf6 13. Bg5 Nxe4 14. Bxe7 Re8 15. Ba3 Nd6 16. Bh3 Nd7 17. b3 Ne4 18. Qe3 c5 19. Nf3 Nd6 20. Qd3 e5 21. Ng5 e4 22. Qd2 Qc6 23. Qf4 h6 24. d5 Nb8 1-0

[Event "V Floripa Open 2019"]
[Site "Florianopolis"]
[Date "2019.01.21"]
[Round "1.3"]
[White "Felgaer, Ruben"]
[Black "Assis, Washington Luis Lin"]
[Result "1-0"]
[WhiteElo "2567"]
[BlackElo "1775"]
[Annotator "TA"]
[PlyCount "65"]
[EventDate "2019.01.21"]
[EventType "swiss"]
[EventRounds "10"]
[EventCountry "BRA"]

1. e4 e5 2. Nf3 Nc6 3. Bb5 a6 4. Ba4 Nf6 5. O-O Be7 6. Re1 b5 7. Bb3 O-O 8. d4 d6 9. c3 exd4 10. cxd4 Na5 11. Bc2 c5 12. Nbd2 Nc6 13. d5 Ne5 14. Nxe5 dxe5 15. h3 Qd6 16. a4 Bd7 17. b3 Qc7 18. Bd3 Bd6 19. Qe2 Qb6 20. Bb2 Rab8 21. Ra2 Rfc8 22. axb5 axb5 23. Rea1 Qc7 24. Ra5 Ne8 25. Bxb5 Bxb5 26. Rxb5 Rxb5 27. Qxb5 Rb8 28. Qd3 f6 29. Ra6 Bf8 30. Ba3 Rb6 31. Ra8 Nd6 32. Nc4 Nxc4 33. Qxc4 1-0

[Event "V Floripa Open 2019"]
[Site "Florianopolis"]
[Date "2019.01.21"]
[Round "1.4"]
[White "Mileski, Lucas De Souza"]
[Black "Supi, Luis Paulo"]
[Result "0-1"]
[WhiteElo "1774"]
[BlackElo "2546"]
[Annotator "TA"]
[PlyCount "81"]
[EventDate "2019.01.21"]
[EventType "swiss"]
[EventRounds "10"]
[EventCountry "BRA"]

1. Nf3 Nf6 2. c4 g6 3. d4 Bg7 4. Nc3 O-O 5. g3 d6 6. Bg2 Nbd7 7. O-O e5 8. e4 Re8 9. Be3 a5 10. h3 b6 11. Qc2 Bb7 12. d5 Nc5 13. Nd2 Qd7 14. Nb3 Na6 15. Nc1 Nh5 16. Qd2 f5 17. N1e2 Nc5 18. f3 Nf6 19. Kh2 Rf8 20. g4 f4 21. Bxc5 bxc5 22. b3 Qd8 23. Kg1 Nd7 24. Nc1 h5 25. Kf2 Bf6 26. Ke2 Kg7 27. Kd3 Rh8 28. Rh1 c6 29. Kc2 cxd5 30. Nxd5 hxg4 31. hxg4 Rxh1 32. Bxh1 a4 33. Nc3 axb3+ 34. Nxb3 Nb6 35. Qe2 Ba6 36. Nd2 Nd7 37. Nb3 Nf8 38. Nb5 Ne6 39. a4 Bxb5 40. cxb5 c4 41. Qd1 0-1

[Event "V Floripa Open 2019"]
[Site "Florianopolis"]
[Date "2019.01.21"]
[Round "1.5"]
[White "Fier, Alexandr"]
[Black "Da Silva, Daniel Pereira"]
[Result "1-0"]
[WhiteElo "2540"]
[BlackElo "1773"]
[Annotator "TA"]
[PlyCount "29"]
[EventDate "2019.01.21"]
[EventType "swiss"]
[EventRounds "10"]
[EventCountry "BRA"]

1. e4 c5 2. Nf3 e6 3. d4 cxd4 4. Nxd4 Nc6 5. Nc3 Qc7 6. Be3 a6 7. Qf3 Nf6 8. O-O-O Bb4 9. Nxc6 bxc6 10. Bd4 Be7 11. e5 Nd5 12. Ne4 O-O 13. Nf6+ gxf6 14. Qg3+ Kh8 15. exf6 1-0

[Event "V Floripa Open 2019"]
[Site "Florianopolis"]
[Date "2019.01.21"]
[Round "1.6"]
[White "Marques Junior, Marcos Antonio"]
[Black "Cubas, Jose Fernando"]
[Result "0-1"]
[WhiteElo "1773"]
[BlackElo "2506"]
[PlyCount "92"]
[EventDate "2019.01.21"]
[EventType "swiss"]
[EventRounds "10"]
[EventCountry "BRA"]

1. d4 Nf6 2. c4 g6 3. Nc3 d5 4. Nf3 Bg7 5. Qb3 dxc4 6. Qxc4 O-O 7. Bf4 c6 8. e3 b5 9. Qb3 a5 10. Be2 a4 11. Qd1 Qa5 12. a3 Nd5 13. Rc1 Nxf4 14. exf4 Rd8 15. O-O b4 16. Ne4 bxa3 17. bxa3 Qf5 18. Qd3 Qxf4 19. Qe3 Qxe3 20. fxe3 Nd7 21. Nfg5 Nf6 22. Nxf6+ exf6 23. Ne4 f5 24. Nc5 Ra7 25. Bf3 Re7 26. Bxc6 Rxe3 27. Nxa4 Bxd4 28. Kh1 Bd7 29. Bxd7 Rxd7 30. Rfd1 Rxa3 31. Nc5 Rd8 32. Rc4 Ra1 33. Rxa1 Bxa1 34. Rc1 Bb2 35. Rb1 Rd2 36. h3 Kg7 37. Nd3 Ba3 38. Ne1 Bd6 39. Nf3 Ra2 40. Rd1 Bg3 41. Kg1 Kf6 42. Kf1 g5 43. Rd2 Ra1+ 44. Ke2 g4 45. hxg4 fxg4 46. Nd4 h5 0-1

[Event "V Floripa Open 2019"]
[Site "Florianopolis"]
[Date "2019.01.21"]
[Round "1.7"]
[White "Rodriguez Vila, Andres"]
[Black "Rodio, Julia Brunetto"]
[Result "1-0"]
[WhiteElo "2480"]
[BlackElo "1771"]
[Annotator "TA"]
[PlyCount "51"]
[EventDate "2019.01.21"]
[EventType "swiss"]
[EventRounds "10"]
[EventCountry "BRA"]

1. e4 c5 2. Nf3 d6 3. d4 cxd4 4. Nxd4 Nf6 5. Nc3 a6 6. Be3 e5 7. Nf3 h6 8. Bc4 Be7 9. O-O O-O 10. Nh4 Qc7 11. Bb3 Nc6 12. Ng6 Re8 13. Qd3 Nb4 14. Qd2 Be6 15. Bxe6 fxe6 16. a3 Nc6 17. Rad1 Rad8 18. f4 Ng4 19. f5 Nxe3 20. Qxe3 Bg5 21. Qf2 Nd4 22. fxe6 Rxe6 23. Nd5 Qd7 24. Nf8 Rxf8 25. Qxf8+ Kh7 26. Rf7 1-0

[Event "V Floripa Open 2019"]
[Site "Florianopolis"]
[Date "2019.01.21"]
[Round "1.8"]
[White "Lunelli, Neuri Antonio"]
[Black "Perdomo, Leandro"]
[Result "0-1"]
[WhiteElo "1767"]
[BlackElo "2470"]
[Annotator "TA"]
[PlyCount "76"]
[EventDate "2019.01.21"]
[EventType "swiss"]
[EventRounds "10"]
[EventCountry "BRA"]

1. d4 Nf6 2. Nf3 g6 3. g3 Bg7 4. Bg2 O-O 5. c4 d6 6. Nc3 Nbd7 7. O-O e5 8. e3 Re8 9. Qb3 c6 10. Rd1 Qc7 11. Bd2 h6 12. Be1 exd4 13. exd4 Nf8 14. Rac1 Bf5 15. Nh4 Bg4 16. Nf3 Ne6 17. h3 Bxf3 18. Bxf3 Nd7 19. Ne2 Ng5 20. Nf4 Nxf3+ 21. Qxf3 Nf6 22. b3 Ne4 23. Rd3 Re7 24. Rcd1 Rae8 25. Kf1 Qd7 26. g4 Ng5 27. Qg2 Re4 28. Bd2 Rxd4 29. Be3 Rxd3 30. Nxd3 Ne4 31. Nf4 Qc7 32. f3 Nc3 33. Rd3 d5 34. cxd5 Rxe3 35. d6 Qb6 36. Qd2 Rxd3 37. Qxd3 Qc5 38. d7 Bf6 0-1

[Event "V Floripa Open 2019"]
[Site "Florianopolis"]
[Date "2019.01.21"]
[Round "1.9"]
[White "Matsuura, Everaldo"]
[Black "Brasileiro, Antonio Carlos"]
[Result "1-0"]
[WhiteElo "2468"]
[BlackElo "1766"]
[Annotator "TA"]
[PlyCount "91"]
[EventDate "2019.01.21"]
[EventType "swiss"]
[EventRounds "10"]
[EventCountry "BRA"]

1. e4 e5 2. Nf3 Nf6 3. Nxe5 d6 4. Nf3 Nxe4 5. Nc3 d5 6. Qe2 Be7 7. Nxe4 dxe4 8. Qxe4 Nc6 9. Bb5 Bd7 10. O-O O-O 11. d4 Re8 12. c3 Bg5 13. Bxg5 Rxe4 14. Bxd8 Rxd8 15. Rfe1 Rde8 16. Rxe4 Rxe4 17. Re1 Rxe1+ 18. Nxe1 Kf8 19. Nd3 Nb8 20. Bxd7 Nxd7 21. f3 Ke7 22. Kf2 g6 23. Ke3 c6 24. c4 f6 25. Ke4 Ke6 26. Nf4+ Kd6 27. b3 f5+ 28. Ke3 b6 29. Nd3 g5 30. Nf2 Nf6 31. g4 fxg4 32. Nxg4 Nh5 33. Ke4 Nf4 34. Nf6 h6 35. Ng4 h5 36. Ne5 Ne2 37. Nf7+ Ke7 38. Nxg5 Nc3+ 39. Kf5 Nxa2 40. Kg6 a5 41. f4 Nc1 42. f5 Nxb3 43. f6+ Kd7 44. f7 a4 45. f8=Q Nxd4 46. Qg7+ 1-0

[Event "V Floripa Open 2019"]
[Site "Florianopolis"]
[Date "2019.01.21"]
[Round "1.10"]
[White "Da Silva, Joao Carlos Orguim"]
[Black "Molina, Roberto Junio Brito"]
[Result "0-1"]
[WhiteElo "1762"]
[BlackElo "2458"]
[Annotator "TA RC"]
[PlyCount "76"]
[EventDate "2019.01.21"]
[EventType "swiss"]
[EventRounds "10"]
[EventCountry "BRA"]

1. c4 e5 2. e4 Nf6 3. Nc3 Bc5 4. g3 d6 5. h3 Nc6 6. Nge2 Be6 7. d3 Nd4 8. Bg2 c6 9. O-O O-O 10. Kh2 d5 11. b3 dxc4 12. dxc4 Qe7 13. Nxd4 Bxd4 14. Qc2 Rfd8 15. Bb2 Rd7 16. Rad1 Rad8 17. Na4 h5 18. f4 Bxb2 19. Nxb2 h4 20. Qf2 hxg3+ 21. Qxg3 Nh5 22. Qg5 Qxg5 23. fxg5 Rd2 24. Rxd2 Rxd2 25. Nd1 Nf4 26. Nf2 Rxa2 27. Kg3 Rb2 28. Bf3 Rxb3 29. Ng4 Bxg4 30. Kxg4 g6 31. Ra1 a6 32. Ra5 Nd3 33. Ra2 Kf8 34. h4 Ke7 35. h5 gxh5+ 36. Kf5 h4 37. Bg4 Rb2 38. Rxb2 Nxb2 0-1

[Event "V Floripa Open 2019"]
[Site "Florianopolis"]
[Date "2019.01.21"]
[Round "1.11"]
[White "Hoffman, Alejandro"]
[Black "Pereira, Armando Scharlau"]
[Result "1-0"]
[WhiteElo "2454"]
[BlackElo "1760"]
[Annotator "TA"]
[PlyCount "71"]
[EventDate "2019.01.21"]
[EventType "swiss"]
[EventRounds "10"]
[EventCountry "BRA"]

1. d4 Nf6 2. c4 e6 3. Nf3 d5 4. g3 c6 5. Qc2 Be7 6. Bg2 b6 7. O-O Bb7 8. Rd1 O-O 9. h3 Nbd7 10. Nc3 Rc8 11. e4 Nxe4 12. Nxe4 dxe4 13. Qxe4 Qc7 14. Bf4 Bd6 15. Bxd6 Qxd6 16. c5 Qc7 17. b4 Nf6 18. Qc2 b5 19. a4 a6 20. h4 h6 21. Ne5 Rcd8 22. axb5 axb5 23. Ra7 Nd5 24. Qb3 Ra8 25. Rda1 Rxa7 26. Rxa7 Ra8 27. Rxa8+ Bxa8 28. Qa3 Bb7 29. Bxd5 exd5 30. h5 Bc8 31. Qa8 Qb7 32. Qa5 Qe7 33. Qb6 Bb7 34. Qa7 f6 35. Qb8+ Kh7 36. Ng6 1-0

[Event "V Floripa Open 2019"]
[Site "Florianopolis"]
[Date "2019.01.21"]
[Round "1.12"]
[White "Rodrigues, Natanael Isau"]
[Black "Quintiliano Pinto, Renato R."]
[Result "0-1"]
[WhiteElo "1759"]
[BlackElo "2441"]
[Annotator "TA"]
[PlyCount "74"]
[EventDate "2019.01.21"]
[EventType "swiss"]
[EventRounds "10"]
[EventCountry "BRA"]

1. e4 c5 2. Nc3 Nc6 3. Bb5 Nd4 4. Nf3 Nxb5 5. Nxb5 d6 6. O-O Nf6 7. Re1 a6 8. Nc3 e6 9. d4 cxd4 10. Qxd4 Be7 11. e5 dxe5 12. Qxd8+ Bxd8 13. Nxe5 Bc7 14. Nd3 Bd7 15. Bf4 Ba5 16. b4 Rc8 17. Be5 Bb6 18. Rac1 Rc4 19. a3 Bc6 20. Ne2 Ng4 21. Ng3 O-O 22. h3 Nxe5 23. Nxe5 Rf4 24. Re2 Rc8 25. c4 Be8 26. c5 Bc7 27. Rd1 a5 28. Nd3 Rd4 29. Nb2 Rcd8 30. Rxd4 Rxd4 31. Re4 Rd2 32. Re2 Rd8 33. Ne4 axb4 34. axb4 Rd4 35. Re1 Rxb4 36. Nd3 Rd4 37. Nb2 Bc6 0-1

[Event "V Floripa Open 2019"]
[Site "Florianopolis"]
[Date "2019.01.21"]
[Round "1.13"]
[White "Languidey, Simon Alejandro"]
[Black "Takehara, Alan Keissuke"]
[Result "1-0"]
[WhiteElo "2416"]
[BlackElo "1758"]
[Annotator "RC"]
[PlyCount "65"]
[EventDate "2019.01.21"]
[EventType "swiss"]
[EventRounds "10"]
[EventCountry "BRA"]

1. e4 c6 2. d4 d5 3. Nc3 dxe4 4. Nxe4 Bf5 5. Ng3 Bg6 6. h4 h6 7. N1e2 Nf6 8. Nf4 Bh7 9. Bc4 e6 10. Nfh5 Nbd7 11. c3 Nxh5 12. Nxh5 Nf6 13. Bf4 Bg6 14. Nxf6+ Qxf6 15. Be5 Qf5 16. O-O h5 17. Qb3 O-O-O 18. Qa4 f6 19. Bg3 Bd6 20. Qxa7 Bxg3 21. fxg3 Qg4 22. Kh2 Bf5 23. Rae1 Rhe8 24. a4 Re7 25. Qc5 Rde8 26. a5 e5 27. a6 Kb8 28. Qd6+ Ka7 29. axb7 Kxb7 30. Ra1 Rd7 31. Qb4+ Kc7 32. Ra7+ Kd8 33. Ra8+ 1-0

[Event "V Floripa Open 2019"]
[Site "Florianopolis"]
[Date "2019.01.21"]
[Round "1.14"]
[White "Melo, Gabrieli De"]
[Black "Proudian, Armen"]
[Result "0-1"]
[WhiteElo "1755"]
[BlackElo "2413"]
[Annotator "TA"]
[PlyCount "56"]
[EventDate "2019.01.21"]
[EventType "swiss"]
[EventRounds "10"]
[EventCountry "BRA"]

1. c4 Nf6 2. Nc3 e6 3. e4 d5 4. cxd5 exd5 5. e5 d4 6. exf6 dxc3 7. Qe2+ Be6 8. Qb5+ Nd7 9. dxc3 Qxf6 10. Qxb7 Qe5+ 11. Be2 Bd5 12. Qb5 Bxg2 13. Qxe5+ Nxe5 14. f4 Bxh1 15. fxe5 O-O-O 16. Be3 Kb8 17. b4 Rd5 18. Bf4 Be7 19. Bc4 Rd7 20. Ne2 Bh4+ 21. Ng3 Re8 22. Kf1 Bc6 23. Nf5 g5 24. Nd4 Rxd4 25. cxd4 gxf4 26. Bxf7 Rd8 27. Rd1 Bb5+ 28. Kg2 Be2 0-1

[Event "V Floripa Open 2019"]
[Site "Florianopolis"]
[Date "2019.01.21"]
[Round "1.15"]
[White "Umetsubo, Cesar Hidemitsu"]
[Black "Peroza, Eduardo Antunes"]
[Result "1/2-1/2"]
[WhiteElo "2407"]
[BlackElo "1745"]
[PlyCount "41"]
[EventDate "2019.01.21"]
[EventType "swiss"]
[EventRounds "10"]
[EventCountry "BRA"]

1. d4 d5 2. c4 e6 3. Nc3 Nf6 4. cxd5 exd5 5. Bg5 Nbd7 6. e3 c6 7. Bd3 Be7 8. Qc2 O-O 9. Nge2 Re8 10. O-O Ne4 11. Bf4 f5 12. Nxd5 Bd6 13. Bxe4 fxe4 14. Qb3 Bxf4 15. Nf6+ Kh8 16. Nxe8 Bxh2+ 17. Kxh2 Qxe8 18. Rh1 Qh5+ 19. Kg3 Qg5+ 20. Kh2 Qh5+ 21. Kg3 1/2-1/2

[Event "V Floripa Open 2019"]
[Site "Florianopolis"]
[Date "2019.01.21"]
[Round "1.17"]
[White "Menna Barreto, Felipe Kubiaki"]
[Black "Itagyba, Renan Fortes"]
[Result "1-0"]
[WhiteElo "2389"]
[BlackElo "1735"]
[PlyCount "63"]
[EventDate "2019.01.21"]
[EventType "swiss"]
[EventRounds "10"]
[EventCountry "BRA"]

1. d4 Nf6 2. Nf3 g6 3. Nbd2 Bg7 4. e4 d6 5. Bb5+ Bd7 6. Bc4 O-O 7. e5 dxe5 8. dxe5 Ng4 9. Qe2 Nc6 10. e6 fxe6 11. O-O Nge5 12. Bb3 Kh8 13. Nxe5 Nxe5 14. Ne4 Nc6 15. Be3 Na5 16. Rad1 Nxb3 17. axb3 Qc8 18. Nc5 Bc6 19. Bd4 Bxd4 20. Rxd4 Rf6 21. Re1 Bd5 22. c4 b6 23. Nd3 Bb7 24. Ne5 Qe8 25. Qd2 Rf5 26. Rh4 g5 27. Qc3 Kg8 28. Ng4 h5 29. Nh6+ Kh7 30. Nxf5 exf5 31. Rxh5+ Qxh5 32. Rxe7+ 1-0

[Event "V Floripa Open 2019"]
[Site "Florianopolis"]
[Date "2019.01.21"]
[Round "1.18"]
[White "Rosa Alves, Andre Gustavo"]
[Black "Souza, Adwilhans Luciano"]
[Result "1-0"]
[WhiteElo "1726"]
[BlackElo "2368"]
[PlyCount "59"]
[EventDate "2019.01.21"]
[EventType "swiss"]
[EventRounds "10"]
[EventCountry "BRA"]

1. d4 Nf6 2. c4 g6 3. Nf3 Bg7 4. g3 O-O 5. Bg2 d5 6. O-O c6 7. cxd5 cxd5 8. Nc3 Ne4 9. Bf4 Nxc3 10. bxc3 Nc6 11. Rb1 Na5 12. Nd2 Be6 13. Nb3 Nxb3 14. Qxb3 b6 15. Qa3 Qd7 16. Rfe1 Rac8 17. e4 dxe4 18. Bxe4 Rc4 19. Rb4 Rfc8 20. Rxc4 Bxc4 21. h4 Bf8 22. Qb2 Bd5 23. Bxd5 Qxd5 24. Re5 Qc4 25. Bd2 e6 26. h5 Bg7 27. Rb5 Qd3 28. h6 Bxd4 29. cxd4 Rc2 30. Rc5 1-0

[Event "V Floripa Open 2019"]
[Site "Florianopolis"]
[Date "2019.01.21"]
[Round "1.19"]
[White "Mussanti, Diego"]
[Black "De Souza, Diego Pereira"]
[Result "1-0"]
[WhiteElo "2352"]
[BlackElo "1723"]
[PlyCount "30"]
[EventDate "2019.01.21"]
[EventType "swiss"]
[EventRounds "10"]
[EventCountry "BRA"]

1. e4 d5 2. exd5 Qxd5 3. Nc3 Qa5 4. d4 e5 5. dxe5 Bb4 6. Bd2 Nc6 7. Bb5 Bd7 8. Qe2 O-O-O 9. Nf3 Nf6 10. O-O Rhe8 11. a3 Bf8 12. Bc1 Qb6 13. Bc4 Bc5 14. exf6 Rxe2 15. Nxe2 gxf6 1-0

[Event "V Floripa Open 2019"]
[Site "Florianopolis"]
[Date "2019.01.21"]
[Round "1.20"]
[White "Durante, Taina"]
[Black "Menna Barreto, Luiz Ney"]
[Result "0-1"]
[WhiteElo "1723"]
[BlackElo "2327"]
[PlyCount "53"]
[EventDate "2019.01.21"]
[EventType "swiss"]
[EventRounds "10"]
[EventCountry "BRA"]

1. e4 c6 2. Nc3 d5 3. Nf3 Bg4 4. h3 Bh5 5. exd5 cxd5 6. g4 Bg6 7. Bb5+ Nc6 8. Ne5 Rc8 9. d4 e6 10. h4 f6 11. Nxg6 hxg6 12. Qd3 g5 13. h5 Bd6 14. Bd2 Nh6 15. O-O-O O-O 16. f3 a6 17. Ba4 b5 18. Bb3 Na5 19. Rde1 Nxb3+ 20. axb3 Qd7 21. Re2 Rce8 22. Rhe1 Bg3 23. Rg1 Qc7 24. Qg6 Bf4 25. Nxd5 Bxd2+ 26. Kxd2 Qd7 27. Nc3 0-1

[Event "V Floripa Open 2019"]
[Site "Florianopolis"]
[Date "2019.01.21"]
[Round "1.21"]
[White "Coro, Lucas"]
[Black "Faria, Juliano Espezim Soa"]
[Result "1-0"]
[WhiteElo "2325"]
[BlackElo "1723"]
[PlyCount "65"]
[EventDate "2019.01.21"]
[EventType "swiss"]
[EventRounds "10"]
[EventCountry "BRA"]

1. e4 Nf6 2. e5 Nd5 3. d4 d6 4. Nf3 Bg4 5. Be2 Nc6 6. O-O e6 7. c4 Nb6 8. exd6 cxd6 9. d5 exd5 10. cxd5 Bxf3 11. Bxf3 Ne5 12. Be2 Be7 13. a4 O-O 14. a5 Nbd7 15. Nc3 Nf6 16. f4 Ned7 17. b4 a6 18. Be3 Ne8 19. Qd2 f5 20. Bd3 g6 21. Ne2 Ng7 22. Rac1 Bf6 23. Nd4 Bxd4 24. Bxd4 Rc8 25. Rce1 Nf6 26. Qb2 Rf7 27. b5 Ngh5 28. Bb6 Qf8 29. bxa6 bxa6 30. Bxa6 Rb8 31. Qd4 Re7 32. Bb5 Rbb7 33. a6 1-0

[Event "V Floripa Open 2019"]
[Site "Florianopolis"]
[Date "2019.01.21"]
[Round "1.22"]
[White "Jodorcovsky, Paulo Leonardo"]
[Black "Rangel, Daniel"]
[Result "0-1"]
[WhiteElo "1722"]
[BlackElo "2322"]
[PlyCount "96"]
[EventDate "2019.01.21"]
[EventType "swiss"]
[EventRounds "10"]
[EventCountry "BRA"]

1. d4 d5 2. c4 c6 3. cxd5 cxd5 4. Bf4 Nf6 5. Nc3 g6 6. e3 Bg7 7. Nf3 O-O 8. Be2 Nc6 9. h3 Bf5 10. O-O Ne4 11. Rc1 Rc8 12. Qb3 Na5 13. Qb4 Nxc3 14. Rxc3 Rxc3 15. Qxc3 Nc6 16. Qb3 Bc8 17. Rc1 e6 18. Bb5 Bd7 19. Bxc6 Bxc6 20. Ne5 Bxe5 21. Bxe5 f6 22. Bg3 Re8 23. Qc3 a6 24. b3 Qe7 25. f4 Qg7 26. Qc5 Qd7 27. Be1 Kf7 28. Bb4 Rc8 29. g4 Qe8 30. Qd6 Rd8 31. Qc5 Rd7 32. g5 Rd8 33. gxf6 Kxf6 34. Be1 Kg7 35. Rc2 Qf7 36. Bh4 Rd7 37. Rg2 Qf5 38. Kh2 Qf7 39. Qc1 Qf5 40. Rg5 Qf7 41. Qd2 Rc7 42. a4 Be8 43. Bg3 Rc8 44. f5 exf5 45. Be5+ Kg8 46. Rg1 Qe6 47. Rc1 f4 48. e4 dxe4 0-1

[Event "V Floripa Open 2019"]
[Site "Florianopolis"]
[Date "2019.01.21"]
[Round "1.23"]
[White "Goncalves, Davi Sulzbacher"]
[Black "Tramontini, Renan Cesar"]
[Result "1-0"]
[WhiteElo "2313"]
[BlackElo "1721"]
[PlyCount "83"]
[EventDate "2019.01.21"]
[EventType "swiss"]
[EventRounds "10"]
[EventCountry "BRA"]

1. d4 Nf6 2. c4 c5 3. Nf3 g6 4. g3 Bg7 5. Bg2 O-O 6. O-O d6 7. Nc3 Nbd7 8. e3 Rb8 9. b3 a6 10. a4 b6 11. Rb1 Bb7 12. d5 Ng4 13. Qc2 e5 14. e4 h6 15. Ne1 Qe7 16. Nd3 a5 17. Bd2 f5 18. h3 Ngf6 19. f4 Nh5 20. Ne2 exf4 21. Ndxf4 Nxf4 22. Nxf4 Qg5 23. Ne6 Qxg3 24. Bf4 Qh4 25. Nxg7 Kxg7 26. Bxd6 fxe4 27. Bxf8+ Rxf8 28. Rxf8 Nxf8 29. Qxe4 Qxe4 30. Bxe4 Nd7 31. Bf3 Ne5 32. Bg4 Nxg4 33. hxg4 Bc8 34. g5 hxg5 35. Re1 Kf7 36. Kf2 Bd7 37. Kf3 Kf6 38. Re2 g4+ 39. Kf4 g5+ 40. Kg3 Kf7 41. Rh2 Kg7 42. Rh5 1-0

[Event "V Floripa Open 2019"]
[Site "Florianopolis"]
[Date "2019.01.21"]
[Round "1.24"]
[White "Do Prado, Hamilton Mesquita"]
[Black "Rodrigues, Edgar"]
[Result "0-1"]
[WhiteElo "1713"]
[BlackElo "2312"]
[PlyCount "90"]
[EventDate "2019.01.21"]
[EventType "swiss"]
[EventRounds "10"]
[EventCountry "BRA"]

1. e4 c5 2. Nf3 a6 3. a4 e6 4. c3 Nf6 5. d3 d5 6. Nbd2 Be7 7. Be2 O-O 8. Qc2 Nc6 9. h3 b6 10. Nf1 Bb7 11. Ng3 Rc8 12. Bg5 Qc7 13. Qb1 Bd6 14. Bh4 dxe4 15. Nxe4 Nxe4 16. dxe4 Na5 17. Qc2 h6 18. Rd1 c4 19. O-O Nb3 20. e5 Bxe5 21. Nxe5 Qxe5 22. Bg3 Qe4 23. Qxe4 Bxe4 24. Rd6 Rc6 25. Rxc6 Bxc6 26. Bc7 b5 27. axb5 axb5 28. Rd1 Bd5 29. Bd6 Ra8 30. Ba3 g5 31. g4 Na5 32. Kh2 Nc6 33. Kg3 b4 34. cxb4 Rb8 35. Rc1 Nxb4 36. Bxc4 Bxc4 37. Rxc4 Nd5 38. h4 Rb3+ 39. f3 gxh4+ 40. Kf2 Kh7 41. Rc1 Kg6 42. Rc8 Nf4 43. Rc3 Rb5 44. b3 h3 45. b4 h2 0-1

[Event "V Floripa Open 2019"]
[Site "Florianopolis"]
[Date "2019.01.21"]
[Round "1.25"]
[White "Belmonte, Diego Mariano"]
[Black "Brandt, Ladir Albano Becker"]
[Result "1-0"]
[WhiteElo "2309"]
[BlackElo "1710"]
[PlyCount "84"]
[EventDate "2019.01.21"]
[EventType "swiss"]
[EventRounds "10"]
[EventCountry "BRA"]

1. d4 d5 2. c4 c6 3. Nf3 Nf6 4. Nc3 e6 5. cxd5 exd5 6. Qc2 Be7 7. Bf4 O-O 8. h3 Nbd7 9. e3 Re8 10. Bd3 Nf8 11. Ne5 Be6 12. Bh2 Rc8 13. O-O c5 14. Bb5 N6d7 15. dxc5 Bxc5 16. Rad1 a6 17. Be2 Nxe5 18. Bxe5 Qg5 19. Bf4 Qf6 20. Qa4 Red8 21. Bg3 Qg6 22. Kh2 Bd6 23. Bxd6 Rxd6 24. Qb4 Rd7 25. Bf3 Rc4 26. Qb6 Rc6 27. Qa5 b5 28. Nxd5 Bxd5 29. Bxd5 Rcd6 30. e4 Qf6 31. Qd2 Ne6 32. f4 Qh6 33. Qf2 Nc7 34. Bb3 Rxd1 35. Rxd1 Rxd1 36. Bxd1 Qd6 37. Bb3 Ne6 38. e5 Qd4 39. Qxd4 Nxd4 40. Kg3 Kf8 41. Kf2 Ke7 42. Ke3 Nc6 1-0

[Event "V Floripa Open 2019"]
[Site "Florianopolis"]
[Date "2019.01.21"]
[Round "1.26"]
[White "Dos Passos, Edinaldo Pincanco"]
[Black "Aranha Filho, Alvaro Z."]
[Result "0-1"]
[WhiteElo "1710"]
[BlackElo "2294"]
[PlyCount "68"]
[EventDate "2019.01.21"]
[EventType "swiss"]
[EventRounds "10"]
[EventCountry "BRA"]

1. Nf3 d5 2. d4 Nc6 3. Bf4 Bg4 4. c3 Bxf3 5. exf3 e6 6. Bd3 Bd6 7. Bg3 h5 8. Qe2 h4 9. Bxd6 Qxd6 10. Na3 O-O-O 11. b4 Nxb4 12. cxb4 Qxb4+ 13. Qd2 Qxa3 14. O-O h3 15. g3 Qe7 16. Rfc1 Rd6 17. a4 Qf6 18. Be2 Ne7 19. a5 Nc6 20. Ra4 e5 21. dxe5 Nxe5 22. Rf4 Qh6 23. Qd4 Ng6 24. Rxc7+ Kxc7 25. Rxf7+ Kd8 26. Qxa7 Qc1+ 27. Bf1 Rd7 28. Qb6+ Qc7 29. Rxd7+ Kxd7 30. Bb5+ Kc8 31. Qe6+ Kb8 32. Qxg6 Qxa5 33. Qd6+ Ka8 34. Qc5 Re8 0-1

[Event "V Floripa Open 2019"]
[Site "Florianopolis"]
[Date "2019.01.21"]
[Round "1.27"]
[White "De Borba, Guilherme"]
[Black "Silvestre, Gilmar Severino"]
[Result "1-0"]
[WhiteElo "2293"]
[BlackElo "1709"]
[PlyCount "49"]
[EventDate "2019.01.21"]
[EventType "swiss"]
[EventRounds "10"]
[EventCountry "BRA"]

1. Nf3 d5 2. b3 Nf6 3. Bb2 e6 4. g3 Be7 5. Bg2 O-O 6. O-O Nbd7 7. d3 c6 8. Nbd2 Qc7 9. e4 Bd6 10. Qe2 e5 11. Nh4 Re8 12. Nf5 Bf8 13. f4 exf4 14. gxf4 dxe4 15. dxe4 Bc5+ 16. Kh1 Nf8 17. Nh6+ gxh6 18. Bxf6 Ng6 19. f5 Ne5 20. Nc4 Bd6 21. Nxe5 Rxe5 22. Rad1 Be7 23. Qg4+ Kf8 24. Qg7+ Ke8 25. Bxe5 1-0

[Event "V Floripa Open 2019"]
[Site "Florianopolis"]
[Date "2019.01.21"]
[Round "1.28"]
[White "Panazzolo, Paulo Victor"]
[Black "Guimaraes, Diogo Duarte"]
[Result "0-1"]
[WhiteElo "1708"]
[BlackElo "2278"]
[PlyCount "24"]
[EventDate "2019.01.21"]
[EventType "swiss"]
[EventRounds "10"]
[EventCountry "BRA"]

1. d4 Nf6 2. c4 c6 3. Nc3 d5 4. e3 a6 5. Nf3 Bf5 6. Bd3 Bg6 7. O-O Nbd7 8. Re1 e6 9. e4 dxe4 10. Nxe4 Be7 11. Ne5 Nxe5 12. dxe5 Nxe4 0-1

[Event "V Floripa Open 2019"]
[Site "Florianopolis"]
[Date "2019.01.21"]
[Round "1.29"]
[White "Cadilhac, Igor Tokuichi Kikuc"]
[Black "Maba, Mateus dos Passos"]
[Result "1-0"]
[WhiteElo "2277"]
[BlackElo "1705"]
[PlyCount "35"]
[EventDate "2019.01.21"]
[EventType "swiss"]
[EventRounds "10"]
[EventCountry "BRA"]

1. e4 Nc6 2. Nf3 e6 3. d4 d5 4. Nbd2 Nge7 5. c3 Bd7 6. Bd3 Ng6 7. O-O Be7 8. Re1 O-O 9. Nf1 dxe4 10. Bxe4 Rb8 11. a4 Bd6 12. h4 f5 13. Bg5 Nce7 14. Bc2 h6 15. Bb3 hxg5 16. Nxg5 Bf4 17. Rxe6 Rf7 18. Rxg6 1-0